000 00475nam a2200193Ia 4500
005 20240823021115.0
008 240823s9999||||xx |||||||||||||| ||und||
020 _a81-204-0888-8
041 _aENGLISH
082 _A620.106 N9
100 _aNatarajan.M.K
245 0 _aPrinciples of Fluid Mechanics
250 _a2nd
260 _c1999
_b"Oxford IBH ,New "
500 _aYES
650 _aFluid Mechanics
_bAeronautical Engineering
942 _cBK
999 _c176302
_d176302